Old Professions by Description Quiz Stats

 Plays Quiz Updated Jun 17, 2015

Challenge
Share
Tweet
Embed
Score 0/25 Timer 05:00
3 Plays Today
% Correct
Cobbler
93.7%
Vintner
82.9%
Apothecary
77.8%
Miller
75.9%
Apiarist
72.4%
Abigail
70.7%
Alchemist
66.1%
Chandler
63.7%
Alderman
62.7%
Cooper
62.6%
Fletcher
61.3%
Tinker
60.6%
Coxswain
55.4%
% Correct
Farrier
51.1%
Wainwright
50.9%
Luthier
41.2%
Yeoman
39.5%
Legerdemainist
36.9%
Arkwright
35.8%
All Spice
28.3%
Mercer
27.9%
Agister
16.8%
Lister
16.2%
Dempster
12.4%
Badger
11.2%

You're not logged in!

Compare scores with friends on all Sporcle quizzes.
OR
Log In

You Might Also Like...

Show Comments

Extras

Top Quizzes Today


Score Distribution

Your Account Isn't Verified!

In order to create a playlist on Sporcle, you need to verify the email address you used during registration. Go to your Sporcle Settings to finish the process.

Report this User

Report this user for behavior that violates our Community Guidelines.

Details: